000 01376nam a22002897a 4500
001 EPSA 0306
003 gtcocun
005 20250903173736.0
006 a||||gr|||| 00| 0
007 ta
008 250903b |||||||| |||| 00| 0 eng d
040 _agtcocun
_bSPA
_cgtcocun
_eRDA
041 _aSPA EPSA 0306
084 _0EPSA 0306
100 _aChiquin Caal, Delfy Guillermina
_eAutor
245 _aINFORME FINAL DEL EJERCICIO PROFESIONAL SUPERVISADO, RELIZADO EN TUNSA, SAN JUAN CHAMELCO, ALTA VERAPAZ/
_cDelfy Guillermina Chiquin Caal
_hImpreso
264 _aCobán, Alta Verapaz:
_bUniversidad de San Carlos de Guatemala, Centro Universitario del Norte,
_c2025
300 _a69 p.:
_bIlustraciones, gráficas.
_c28;
337 _2rdamedio
_aComputadora
_bn
502 _eEPSA 0306
502 _aEjercicio Profesional Supervisado
_bLicenciatura en Administración de Empresas,
_cUniversidad de San Carlos de Guatemala, Centro Universitario del Norte, Licenciatura en Administración de Empresas
_d2025
_oEPSA 0306
650 1 4 _2LEMB
_aSan Juan Chamelco, Alta Verapaz
_xAdministración
_xDiagnóstico
_xAnálisis
_xFoda
_xProblema
_xPropuestas
_xResultados
700 _aLcda. Gloria Isabel Contreras Pop
_eAsesor
856 _uSin archivo en línea
_zSin archivo en línea.
942 _2ddc
_cTES
_iEPSA 0306
_kClasificación
_n0
_6EPSA_0306_000000000000000
999 _c1647
_d1647